| 000 | 00802nam a2200241Ia 4500 | ||
|---|---|---|---|
| 003 | OSt | ||
| 005 | 20220927105208.0 | ||
| 006 | a|||||r|||| 00| 0 | ||
| 007 | ta | ||
| 008 | 220926b |||||||| |||| 00| 0 eng d | ||
| 024 | _a155107 | ||
| 037 | _cReference Collections | ||
| 040 |
_aRTL _cRTL _beng |
||
| 041 |
_2eng _aeng |
||
| 082 | _a"X71:6.271.N62<--N61t5, K2" | ||
| 110 |
_aORISSA (Govt. of) FINANCE (Deptt.) _9370800 |
||
| 245 | 0 | _aExplonatory mamorandum on the budget of the govt. of Orissa for 1961-62 | |
| 260 |
_aNew _bDelhi General manager government of India Press _c1962 |
||
| 300 |
_a88p _ccm. |
||
| 700 |
_aORISSA (Govt. of) FINANCE (Deptt.) _9370801 |
||
| 942 |
_h"X71:6.271.N62<--N61t5, K2" _cCC |
||
| 999 |
_c691091 _d691091 |
||